LEADER 00819nam0 2200265 450 001 000005317 005 20040305131055.0 010 $a88-14-08300-2 100 $a20040305d2000----km-y0itay50------ba 101 0 $aita 102 $aIT 200 1 $aPotere ed élites politiche$esaggi sulle teorie$fMario Stoppino 210 $aMilano$cGiuffrè$d2000(c) 215 $aVI, 281 p.$d23 cm 225 2 $aScienza politica$fcollana diretta da Mario Stoppino$v5 410 0$12001$aScienza politica 610 1 $aPolitica$aTeorie$aSec. 20° 610 1 $aPotere$aTeorie$aSec. 20° 676 $a320.011 700 1$aStoppino,$bMario$0126505 801 0$aIT $bUNIPARTHENOPE $gRICA $2UNIMARC 912 $a000005317 951 $cNAVA1$a320-P/1$b36622$d20040305 996 $aPotere ed élites politiche$9689971 997 $aUNIPARTHENOPE LEADER 01193nas 2200385- 450 001 9910597900103321 005 20240923213014.0 011 $a2722-5461 035 $a(OCoLC)1349954180 035 $a(CKB)5840000000093568 035 $a(CONSER)--2024242461 035 $a(DE-599)ZDB3137480-3 035 $a(EXLCZ)995840000000093568 100 $a20230221a20209999 --- - 101 0 $aind 135 $aur||||||||||| 181 $ctxt$2rdacontent 182 $cc$2rdamedia 183 $acr$2rdacarrier 200 00$aAcademic journal of psychology and counseling 210 1$aSurakarta :$cFaculty of Ushuluddin and Da'wah, Universitas Islam Negeri Raden Mas Said Surakarta,$d2020- 215 $a1 online resource 311 08$a2722-5453 517 1 $aAJPC 606 $aPsychology$vPeriodicals 606 $aCounseling$vPeriodicals 608 $aPeriodicals.$2lcgft 615 0$aPsychology 615 0$aCounseling 676 $a150 712 02$aUniversitas Islam Negeri Raden Mas Said Surakarta.$bFakultas Ushuluddin dan Dakwah, 906 $aJOURNAL 912 $a9910597900103321 996 $aAcademic Journal of Psychology and Counseling$92922606 997 $aUNINA